Los socialistas y la Revolución : Temas de Actualidad /

Guardado en:
Autor Principal: Cordero, Manuel.
Formato: Libro
Idioma:Undetermined
Publicado: Madrid : Torrent, 1932.
Materias:
Etiquetas: Agregar Etiqueta
Sin Etiquetas, Sea el primero en etiquetar este registro!
LEADER 00530nam a22001575a 4500
001 EHU.bham047239
005 20110616091411.0
008 110616s1932####sp############000#0#und#d
100 1 |a Cordero, Manuel. 
245 1 0 |a Los socialistas y la Revolución :  |b Temas de Actualidad /  |c Manuel Cordero. 
260 |a Madrid :  |b Torrent,  |c 1932. 
300 |a 370 p. 
653 |a Segunda República Española 
653 |a Historia Contemporánea 
653 |a Historia de España 
859 |a AR-BHAM  |b BIB. HUMANIDADES - Donacion Lejarraga  |h MFN001458  |p 001458.19